|
|
|
|
| LEADER |
01605nam a2200301 a 4500 |
| 001 |
15845206 |
| 008 |
100729s2008 cc a 001 0 eng d |
| 010 |
|
|
|a 2009289773
|
| 020 |
|
|
|a 9788184044263
|
| 020 |
|
|
|a 9780596520106
|
| 040 |
|
|
|a DLC
|c DLC
|d DLC
|d DB-DhAAL
|
| 082 |
0 |
0 |
|a 005.13/3
|2 22
|
| 100 |
1 |
|
|a Schwartz, Randal L.
|
| 245 |
1 |
0 |
|a Learning Perl /
|c Randal L. Schwartz, Tom Phoenix, and Brian D. Foy.
|
| 250 |
|
|
|a 5th ed.
|
| 260 |
|
|
|a Beijing ;
|a Sebastopol :
|b O'Reilly ;
|a Mumbai :
|b Shroff publishers ,
|c c2008.[reprinted]
|
| 300 |
|
|
|a xviii, 328 p. :
|b ill. ;
|c 24 cm.
|
| 504 |
|
|
|a Includes index.
|
| 541 |
1 |
|
|e 00017918
|
| 650 |
|
0 |
|a Perl (Computer program language)
|
| 700 |
1 |
|
|a Phoenix, Tom.
|
| 700 |
1 |
|
|a Foy, Brian D.
|
| 852 |
4 |
|
|a Ayesha Abed Library
|j General Shelf.
|
| 999 |
|
|
|c 9282
|d 9282
|
| 952 |
|
|
|0 0
|1 0
|2 ddc
|4 0
|6 005_133000000000000_SCH
|7 0
|9 13279
|a BRACUL
|b BRACUL
|c GEN
|d 2010-11-24
|e D. S. Books International
|l 1
|m 7
|o 005.133 SCH
|p 3010017918
|r 2018-12-05
|s 2018-10-10
|t 2
|w 2010-11-24
|y BK
|x USD 13.00
|
| 952 |
|
|
|0 0
|1 0
|2 ddc
|4 0
|6 005_133000000000000_SCH
|7 0
|9 13280
|a BRACUL
|b BRACUL
|c GEN
|d 2010-11-24
|e D. S. Books International
|l 0
|o 005.133 SCH
|p 3010017917
|r 2010-11-24
|t 1
|w 2010-11-24
|y BK
|x USD 13.00
|
| 952 |
|
|
|0 0
|1 0
|2 ddc
|4 0
|6 005_133000000000000_SCH
|7 0
|9 13282
|a BRACUL
|b BRACUL
|c GEN
|d 2010-11-24
|e D. S. Books International
|l 0
|o 005.133 SCH
|p 3010017920
|r 2010-11-24
|t 4
|w 2010-11-24
|y BK
|x USD 13.00
|
| 952 |
|
|
|0 0
|1 0
|2 ddc
|4 0
|6 005_133000000000000_SCH
|7 0
|9 13283
|a BRACUL
|b BRACUL
|c GEN
|d 2010-11-24
|e D. S. Books International
|l 2
|m 10
|o 005.133 SCH
|p 3010017919
|r 2019-09-18
|s 2019-09-15
|t 3
|w 2010-11-24
|y BK
|x USD 13.00
|